00545 2200205 4500001002100000005001500021035002000036008004100056245007600097100002700173250000600200260004900206300001200255084001400267082000800281650001400289990001200303990001200315990001200327INLIS00000000000114020240515093920 a0010-0524000375240515 0 ind 1 aEmpat Pilar Kehidupan Berbangsa dan Bernegara /cPimpinan MPR 2009-2014 aPimpinan MPR 2009-2014 a1 aJakarta :bSekretariat Jendral MPR RI,c2013 a214 hlm a000 PIM e a000 4aNon Fiksi a0744131 a0744132 a0744133